| 000 | 00423cam a2200169ua 4500 | ||
|---|---|---|---|
| 020 | _c6.60 | ||
| 041 |
_aeng _h |
||
| 082 |
_a827 _bTHA/EN |
||
| 100 | _aThackeray, W M . | ||
| 245 |
_aEnglish humourists the four Georges / _cW M Thackeray. _hTextual Documents |
||
| 260 |
_aLondon : _bJ M Dent and Sons Ltd , _c1949. |
||
| 300 | _a427 ; . | ||
| 365 | _a6.60 | ||
| 504 | _a | ||
| 942 | _cBK | ||
| 999 |
_c12552 _d12552 |
||